Science Quiz

Random Science or Astronomy Quiz

Constellations Quiz Stats

 Plays Quiz Updated Dec 22, 2011

Also try: Brightest Stars
Challenge
Share
Tweet
Embed
Score 0/88 Timer 12:00
1 Play Today
English Name Constellation % Correct
The HunterOrion
81.8%
The LionLeo
77.7%
The TwinsGemini
76.6%
The CrabCancer
76.6%
The Great BearUrsa Major
75.6%
The Little BearUrsa Minor
75.3%
The BullTaurus
72.2%
The FishesPisces
70%
The RamAries
68.6%
The Water BearerAquarius
68.1%
The Winged HorsePegasus
65.5%
The ScalesLibra
64.1%
The MaidenVirgo
61.2%
HerculesHercules
57.1%
The ArcherSagittarius
55.9%
The Great DogCanis Major
55.4%
The Lesser DogCanis Minor
55.3%
The DragonDraco
52.9%
The Chained MaidenAndromeda
51.8%
The ScorpionScorpius
49.3%
The ArrowSagitta
47.9%
The Lesser LionLeo Minor
47.3%
The SwanCygnus
44.8%
The Seated QueenCassiopeia
43.8%
The LyreLyra
40.8%
The WolfLupus
39.6%
The Sea GoatCapricornus
38.5%
The EagleAquila
38.1%
The HeroPerseus
37.9%
Southern CrossCrux
37.6%
English Name Constellation % Correct
The PhoenixPhoenix
37.5%
The CentaurCentaurus
36.9%
The Female Water SnakeHydra
36.4%
The LynxLynx
36.4%
The HerdsmanBoötes
32.9%
Northern CrownCorona Borealis
31.7%
The DolphinDelphinus
31.5%
The TriangleTriangulum
30.8%
The SerpentSerpens
29.4%
The Male Water SnakeHydrus
28.8%
Southern CrownCorona Australis
28.7%
The KingCepheus
28.4%
The Sea Monster (whale)Cetus
28.1%
The SextantSextans
27.6%
The HareLepus
27.6%
The MicroscopeMicroscopium
27.5%
The AltarAra
27.5%
The CharioteerAuriga
27.4%
The IndianIndus
27.2%
The TelescopeTelescopium
26.9%
The OctantOctans
26.9%
The CrowCorvus
26.7%
The SculptorSculptor
25.7%
The ReticuleReticulum
25%
The FurnaceFornax
24.3%
Berenice's HairComa Berenices
24%
The UnicornMonoceros
23.9%
The GiraffeCamelopardalis
23.8%
The Bird of ParadiseApus
23.6%
The Table MountainMensa
23.4%
English Name Constellation % Correct
The CupCrater
23.2%
The ChameleonChamaeleon
22.6%
The Air PumpAntlia
22.4%
The PeacockPavo
22.4%
The SailsVela
22%
The RiverEridanus
22%
The FlyMusca
21.9%
The SwordfishDorado
21.9%
The Hunting DogsCanes Venatici
21.5%
The Serpent BearerOphiuchus
21.5%
The ClockHorologium
21.4%
The KeelCarina
21.3%
The CraneGrus
21%
The FoxVulpecula
20.8%
The DoveColumba
20.7%
The ToucanTucana
20.5%
The LizardLacerta
20.2%
The ShieldScutum
20.1%
The Little HorseEquuleus
20%
The SternPuppis
19.7%
The Painter's EaselPictor
19.5%
The Southern TriangleTriangulum Australe
19%
The Carpenter's SquareNorma
18.8%
The Engraving ToolCaelum
18%
The Flying FishVolans
17.9%
The Compass (Mariner)Pyxis
17.5%
The Southern FishPiscis Austrinus
16.1%
The Compass (Draftsman)Circinus
15.6%

You're not logged in!

Compare scores with friends on all Sporcle quizzes.
Join for Free
OR
Log In

You Might Also Like...

Show Comments

Extras

Top Quizzes Today


Score Distribution

Your Account Isn't Verified!

In order to create a playlist on Sporcle, you need to verify the email address you used during registration. Go to your Sporcle Settings to finish the process.

Report this User

Report this user for behavior that violates our Community Guidelines.

Details: